| 000 | 00476nam a2200157Ia 4500 | ||
|---|---|---|---|
| 008 | 210716s2000 xx 000 0 und d | ||
| 020 | _a0130100196 | ||
| 041 | _aeng | ||
| 082 | _a658.4092 CHAE | ||
| 100 | _aChapman, Elwood N;O'Neil, Sharon Lund. | ||
| 245 |
_aLeadership: essential steps every manager needs to know. _bEssential steps every manager needs to know. |
||
| 250 | _a3 | ||
| 260 |
_aNew Delhi _bPrentice Hall _c2000 |
||
| 300 | _axi,180 | ||
| 650 | _aLeadership | ||
| 999 |
_c206233 _d206233 |
||